| 000 | 01382cam a2200277 4500 | ||
|---|---|---|---|
| 002 | 7181 | ||
| 008 | 040419n2003 000 0 eng u | ||
| 020 | _a0470844094 | ||
| 035 | _a(Sirsi) u125866 | ||
| 041 | _aeng | ||
| 050 |
_a333.70285 _c18 |
||
| 245 | _aApplied GIS and spatial analysis | ||
| 260 |
_aWiley _c2003 |
||
| 300 |
_axi, 406p. _c26cm. |
||
| 350 | _a65 | ||
| 520 | _aThis book focuses on the use of quantitative methods and GIS in applied contexts, showing the wide range of techniques that are used to deal with problems at different spatial scales. Part one examines applications in the private sector such as retail. Part two contains chapters commissioned by local authorities helping to expose social problems such as crime and deprivation. Part three considers transport networks and location problems. Part four looks at national spatial planning issues, including large-scale social and economic problems. Numerous case studies illustrate the practical application of GIS, statistical models, location-allocation models and networks of flow models. References. | ||
| 650 | _aGEOGRAPHIC INFORMATION | ||
| 650 | _aSPATIAL ANALYSIS | ||
| 650 | _aSPATIAL MODELLING | ||
| 650 | _aGIS | ||
| 650 |
_aGeomatics _96242 |
||
| 690 | _aMAPPING AND MEASUREMENT-GIS | ||
| 700 |
_aStillwell, John _xEditor |
||
| 700 |
_aClarke, Graham _xEditor |
||
| 942 | _n0 | ||
| 999 |
_c103486 _d103486 |
||